Čo ak-

Bibliographic Details
Main Author: Yamada, Kobi (Author)
Other Authors: Barouch, Gabriella, 1985- (Illustrator), Halová, Lucia, 1979- (Translator)
Format: Book
Language:Slovak
English
PhysicalDescription:42 nečíslovaných strán farebné ilustrácie, farebné ilustrované listy 31 cm
Published: Bratislava Tatran 2020
ISBN:9788022211345
Edition:Vydanie I.
Subjects:

MARC

LEADER 00000cam a2200000 4500
001 vtls012001878
003 SK-MaSNL
005 20260301150102.0
008 230501s2020 xo af br 000 j slo
015 |a SNBA2021/10 
020 |a 9788022211345  |q (viazané) 
035 |a urn:nbn:sk:snk-am00icdb 
035 |a 69F3DF4D-13A6-4CCA-BEF6-FC611BED29AC 
040 |a SNK  |b slo  |c SNK  |e rda 
041 1 |a slo  |h eng 
044 |a xo  |c SK 
072 7 |a 82-93  |x Literatúra pre deti a mládež (beletria)  |2 konspekt 
080 |a 821.111(73)-32  |2 2011 
080 |a 82-93-053.4/.5  |2 20111 
100 1 |a Yamada, Kobi  |4 aut  |9 181713 
240 1 0 |a Maybe  |l Slovensky 
245 1 0 |a Čo ak-  |c Kobi Yamada ; ilustrovala Gabriella Barouchová ; z anglického originálu Maybe ... preložila Lucia Halová 
246 1 |i Obálkový podnázov:  |a príbeh o nekonečných možnostiach v každom z nás 
250 |a Vydanie I. 
264 1 |a Bratislava  |b Tatran  |c 2020 
300 |a 42 nečíslovaných strán  |b farebné ilustrácie, farebné ilustrované listy  |c 31 cm 
336 |a text  |b txt  |2 rdacontent 
336 |a statický obraz  |b sti  |2 rdacontent 
337 |a bez média  |b n  |2 rdamedia 
338 |a zväzok  |b nc  |2 rdacarrier 
500 |a Obsahuje stručné biografické údaje o autorovi a ilustrátorke 
500 |a Preložené z angličtiny 
655 7 |a americké príbehy  |2 SNKPH  |9 70732 
655 7 |a literatúra pre deti  |2 SNKPH  |9 87135 
655 7 |a American stories  |2 SNKPHeng  |9 303195 
655 7 |a Children's literature  |2 SNKPHeng  |9 276039 
700 1 |a Barouch, Gabriella,  |d 1985-  |4 ill  |9 506776 
700 1 |a Halová, Lucia,  |d 1979-  |4 trl  |9 105390 
852 |a Slovenská národná knižnica 
919 |a 978-80-222-1134-5 
954 |a beletria cudzojazyčná (svetová)  |2 lita 
958 |a LX 
958 |a DB 
958 |a UP 
968 |b ENG 
999 |c 782439  |d 784369 
952 |a SNK  |b SNK  |y PREZ  |7 0  |p 17A1455751  |o snkSB 96808  |i snk2021/8623  |8 0  |0 0  |1 0  |4 0  |d 2021-07-12  |f 1  |l 0  |r 2025-05-19 00:00:00  |w 2026-02-24 
952 |a SNK  |b SNK  |y VYP  |7 0  |p 17A1455752  |o snkSB 96808 D1  |i snk2021/8625  |8 0  |0 0  |1 0  |4 0  |d 2021-07-12  |l 0  |r 2026-02-24 01:09:08  |w 2026-02-24